Đất đai trong thời kì chuyển đổi (cải cách và nghèo đói ở nông thôn Việt Nam)

Saved in:
Bibliographic Details
Main Author: Rovallion, Martin
Format: Book
Published: H. Văn hóa - thông tin 2008
Subjects:
Tags: Add Tag
No Tags, Be the first to tag this record!
Institutions: Trung tâm Học liệu Lê Vũ Hùng, Trường Đại học Đồng Tháp
LEADER 00950pam a22002418a 4500
001 00015988
005 20171026081022.0
008 110401s2008 ||||||Viesd
020 |c 50000 
041 0 # |a Vie 
082 1 # |a 333.73  |b Đ124Đ 
100 0 # |a Rovallion, Martin 
245 0 0 |a Đất đai trong thời kì chuyển đổi  |b (cải cách và nghèo đói ở nông thôn Việt Nam)  |c Martin Ravallion, Dominique Van de Walle 
260 # # |a H.  |b Văn hóa - thông tin  |c 2008 
300 # # |b biểu đồ  |c 24 cm.  |a 222 tr. 
500 # # |a sách tham khảo - ngoài bìa ghi : ngân hàng thế giới 
650 |a nông thôn 
650 |a Đất đai 
653 # # |a ảnh hưởng  |a Việt Nam  |a chuyển đổi  |a chính sách 
852 # # |b Kho đọc  |j KD.0001375 
852 # # |j KD.0001375 
910 |d 01/04/2011 
980 # # |a Trung tâm Học liệu Lê Vũ Hùng, Trường Đại học Đồng Tháp